| 000 | 00398nam a2200145Ia 4500 | ||
|---|---|---|---|
| 008 | 220530s9999 xx 000 0 und d | ||
| 020 | _a9789386691927 | ||
| 040 | _aeng | ||
| 100 |
_aOMAYAL ACHI COLLEGE OF NURSING _961521 |
||
| 245 | _aMANUAL OF NURSING PROCEDURE AND PRACTICE | ||
| 250 | _aFIRST | ||
| 260 |
_aNEWYORK _bWOLTERS KLUWER _c2018 |
||
| 300 | _a989 | ||
| 650 |
_aNURSING FOUNDATION _961522 |
||
| 999 |
_c2634 _d2634 |
||